000 00287nam a22001217a 4500
008 190314b xxu||||| |||| 00| 0 eng d
041 _aeng
080 _a043.3
100 _a0
101 _aSHP-BA
245 _aThellim apo Zgjerim: BE ne Udhekryq Politik
_cMehmeti, S
942 _2udc
_cBK
999 _c54806
_d54806